| 000 | 01036nam a22002297a 4500 | ||
|---|---|---|---|
| 003 | KOHA_MİRAKIL | ||
| 005 | 20260511120637.0 | ||
| 008 | 260507b tu ||||| |||| 00| 0 tur d | ||
| 020 | _a9786056063220 | ||
| 040 |
_aTR-AnABB _btur _cTR-AnABB |
||
| 041 | _atur | ||
| 082 |
_a297.740 956 1 _bMER 2009 |
||
| 100 | 1 | _aMerdanoğlu, Hüsnü | |
| 245 | 1 | 0 |
_aKemalizm ile bütünleşen alevilik / _cHüsnü Merdanoğlu |
| 260 |
_aAntalya : _bYeniden Anadolu ve Rumeli Müdafaa-i Hukuk Yayınları , _c2009 |
||
| 300 |
_a286 sayfa ; _c20 cm |
||
| 500 | _aYazar tarafından Prof. Dr. Ruşen Keleş için imzalanmıştır. | ||
| 505 | _aİçindekiler: Türk Tarihine Genel Bakış - Alevi İnancının içeriği - İslam tarihi hakkında genel bilgiler - Alevilik inancının kökenine yönelik tartışmalar - Osmanlı Döneminde Türk olmak - Kemalist Devrim ve Alevilik - Türk-Kürt Soy Birlikteliği - Kemalizm'in kuşatılmas | ||
| 650 | 0 | 4 | _aAlevilik, Türkiye |
| 900 | _bCan ÇELIK | ||
| 942 |
_2ddc _cBK |
||
| 999 |
_c10379 _d10379 |
||